00471nam a2200145Ia 4500008004100000100002300041245010100064245002300165260005900188260000900247300001000256650001800266650001500284856002600299170221s9999 xx 000 0 und d aHatice Selen Tekin 4aThe Possibility of Being Don Quixote in the Face of Popular Postmodern Music Hatice Selen Tekin  cHatice Selen Tekin bOnline Journal of Communication and Media Technologies c2012 a2 : 1 xCommunication xMedia Arts uhttp://www.ojcmt.net/